00318pab a2200121 454500008004000000100002500040245005800065260000900123300001400132362001200146650001100158773002700169180718b2008 xxu||||| |||| 00| 0 eng d aChaudhury, Sukant K. aDo Kondh constitute a tribe? The question of identity c2008 ap.473-83. aOct-Dec aTribes aEastern Anthropologist